| 000 | 01674nam a2200469 i 4500 | ||
|---|---|---|---|
| 001 | 15180 | ||
| 003 | KOSZ 005 | ||
| 005 | 20200623101516.0 | ||
| 008 | 200403s1973 pl a f 000 0 pol | ||
| 015 | _aUWD 1973/2741 | ||
| 035 | _a991032816509705066 | ||
| 035 | _a(PL-WaBN)b1879922x-48omnis_nlop | ||
| 035 | _ab1879922x | ||
| 035 | _a(OCoLC)831160760 | ||
| 035 | _a(PL)b0000001879922 | ||
| 035 | _a(EXLNZ-48OMNIS_NETWORK)9910282538805606 | ||
| 040 |
_aWA N _cWA N _dKOSZ 005/RW |
||
| 046 | _k1973 | ||
| 080 | _a621.791/.795 | ||
| 080 | _a(075.8) | ||
| 100 | 1 |
_aCzajkowski, Henryk _d(1932-1998) _eAutor |
|
| 245 | 1 | 0 |
_aĆwiczenia laboratoryjne z podstaw spawalnictwa / _cH. Czajkowski, W. Walczak ; redakcja Leon Dreher. |
| 260 |
_aGdańsk : _bWydawnictwo Uczelniane Politechniki Gdańskiej, _c1973. |
||
| 300 |
_a334 strony : _bilustracje ; _c24 cm. |
||
| 336 |
_aTekst _btxt _2rdacontent |
||
| 337 |
_aBez urządzenia pośredniczącego _bn _2rdamedia |
||
| 338 |
_aWolumin _bnc _2rdacarrier |
||
| 380 | _aKsiążki | ||
| 380 | _aPublikacje dydaktyczne | ||
| 388 | _a1901-2000 | ||
| 388 | _a1945-1989 | ||
| 504 | _aBibliografia na stronach [333]-334. | ||
| 650 | 7 |
_aSpawalnictwo _2DBN |
|
| 655 | 7 | _aĆwiczenia i zadania dla szkół wyższych | |
| 658 | _aInżynieria i technika | ||
| 700 | 1 |
_aDreher, Leon _d(1900-1989) _eRedakcja |
|
| 700 | 1 |
_aWalczak, Włodzimierz _d(1937-2012) _eAutor |
|
| 710 | 2 |
_aWydawnictwo Politechniki Gdańskiej _4pbl |
|
| 856 |
_uhttp://koha.tu.koszalin.pl/cgi-bin/koha/opac-detail.pl?biblionumber=15180 _yKatalog online BPK |
||
| 942 |
_2UKD _cKS |
||
| 999 |
_c15180 _d15180 |
||